Health check for contractors (Record no. 74411)

MARC details
000 -LEADER
fixed length control field 01204cab a2200217 4500
001 - CONTROL NUMBER
control field ABS67839
008 - FIXED-LENGTH DATA ELEMENTS--GENERAL INFORMATION
fixed length control field 040528n2004 000 0 eng u
035 ## - SYSTEM CONTROL NUMBER
System control number (Sirsi) u126318
100 ## - MAIN ENTRY--PERSONAL NAME
Personal name Tinworth, A.
245 ## - TITLE STATEMENT
Title Health check for contractors
260 ## - PUBLICATION, DISTRIBUTION, ETC.
Date of publication, distribution, etc. 2004
490 ## - SERIES STATEMENT
Series statement Estates Gazette
Volume/sequential designation (0402) 15 May 2004, 155(1)
520 ## - SUMMARY, ETC.
Summary, etc. Reviews a new online service developed to make subcontracting easier. "SafeContractor" aims to check that contractors meet the requisite health and safety standards and checks that a contractor's registration remains up-to-date. Contractors wishing to be included in the scheme are required to complete a questionnaire after registration, which covers issues such as geographic coverage, a construction industry tax scheme, insurance and health and safety arrangements. Cost to users depends on factors such as the size of the organisation and thecustomisation level, but it is free for the most basic services. The site can be viewed at www.safecontractor.com.
590 ## - LOCAL NOTE (RLIN)
Local note ABS
650 ## - SUBJECT ADDED ENTRY--TOPICAL TERM
Topical term or geographic name entry element WEBSITES
650 ## - SUBJECT ADDED ENTRY--TOPICAL TERM
Topical term or geographic name entry element BUILDING CONTRACTORS
650 ## - SUBJECT ADDED ENTRY--TOPICAL TERM
Topical term or geographic name entry element APPROVED CONTRACTORS
650 ## - SUBJECT ADDED ENTRY--TOPICAL TERM
Topical term or geographic name entry element ONLINE SERVICES
690 ## - LOCAL SUBJECT ADDED ENTRY--TOPICAL TERM (OCLC, RLIN)
Topical term or geographic name as entry element Health and safety
9 (RLIN) 6244
942 ## - ADDED ENTRY ELEMENTS (KOHA)
Suppress in OPAC 0
Holdings
Withdrawn status Lost status Source of classification or shelving scheme Damaged status Not for loan Home library Current library Shelving location Date acquired Total Checkouts Full call number Barcode Date last seen Copy number Price effective from Koha item type
    Dewey Decimal Classification     London London Journal article 28/05/2004   ABS67839 126318-1001 06/08/2019 1 06/08/2019 Journal article